000 02563nam a22003377i 4500
001 B-12615
003 CO-BoFNCP
007 t||
008 090930s2008 my a f z eng d
040 _aCO-BoFNCP
_bspa
_cCO-BoFNCP
_erda
041 _aeng
043 _amy
084 _aA-
100 1 _aJeyanny, V.
_941390,
_eautor.
_4aut
245 1 0 _aKhaya ivorensis A. Chev :
_bEarly response to nutrient deficiences in forest plantation nursery.
264 4 _c©2008
300 _apáginas 593-600 :
_bTablas, fotografías.
336 _atexto
_btxt
_2rdacontent
337 _asin mediación
_bn
_2rdamedia
338 _avolumen
_bnc
_2rdacarrier
504 _aIncluye referencias bibliográficas.
520 _aMacronutrients are essential elements for the growth and development of forest tree species. The lack of sufficient nutrients may adversely affect the growth and quality of the plants. The objective of this study was to observe and determine the initial macronutrient deficiency symptoms on the growth and vigour of Khaya ivorensis seedlings.One-month-old K. ivorensis seedlings were transplanted into 15 cm diameter and 23 cm tall plastic pots filled with acid washed sand. The treatments assigned were T1: Control (Complete Hoagland No 2 solution), T2: Hoagland No 2 solution lacking in nitrogen, T3: Hoagland No 2 solution lacking in phosphorus, T4: Hoagland No 2 solution lacking in potassium, T5: Hoagland No 2 solution lacking in calcium, and T6: Hoagland No 2 solution lacking in magnesium. Irrigation was done according to treatments with mL of the specified nutrient solution or distilled water every alternate day. On other days, 100 mL of distilled water was added. There were eight replications for each treatment. All pots were laid out in a complete randomised design (CRD). The visual deficiency symptoms and seedling growth were recorded monthly and the plant tissue nutrient contents were analysed for the initial three months after transplanting. All treatments except for control induced deficiency symptoms. Observations showed that seedling growth was reduced due to K, Ca and Mg deficiencies compared with control. The effects of N, K and Mg on the tissue content were also significantly reduced.
650 0 _aDeficiencia de nutrientes
_931594.
650 0 _aEstablecimiento de plantas
_99911.
650 0 _aPalma de aceite
_937678.
700 1 _aAb Ghani, Ab Rasip
_941391.
773 0 _aThe Planter (Malasia)
_gv. 84, no. 990 (2008), p.593-600
_wA-
_x0126-575x
942 _2z
_c1
999 _c26587
_d26587
999 _z1